[Event "B"]
[Site "?"]
[Date "2017.08.05"]
[Round "1.1"]
[White "Homza, Dominik"]
[Black "Tomicki, Marek"]
[Result "0-1"]
[BlackElo "1649"]
[WhiteElo "1171"]
[LiveChessVersion "1.4.8"]

1. f4 {[%clk 1:00:56]} d5 {[%clk 1:00:55]} 2. Nf3 {[%clk 1:00:30]} e6
{[%clk 1:01:05]} 3. e3 {[%clk 0:59:41]} Nf6 {[%clk 1:01:03]} 4. b3
{[%clk 0:58:00]} Be7 {[%clk 1:00:27]} 5. g3 {[%clk 0:56:41]} b6 {[%clk 0:58:12]}
6. Bg2 {[%clk 0:55:42]} Bb7 {[%clk 0:58:29]} 7. O-O {[%clk 0:55:18]} c5
{[%clk 0:58:07]} 8. Bb2 {[%clk 0:54:48]} Nbd7 {[%clk 0:57:42]} 9. h3
{[%clk 0:51:49]} Rc8 {[%clk 0:56:22]} 10. d3 {[%clk 0:51:13]} b5 {[%clk 0:55:58]}
11. Nbd2 {[%clk 0:50:20]} Nb6 {[%clk 0:55:02]} 12. g4 {[%clk 0:50:06]} c4
{[%clk 0:50:02]} 13. Nb1 {[%clk 0:46:45]} Bc5 {[%clk 0:46:02]} 14. d4
{[%clk 0:46:33]} Bd6 {[%clk 0:45:34]} 15. g5 {[%clk 0:44:56]} Ne4
{[%clk 0:43:16]} 16. h4 {[%clk 0:43:50]} b4 {[%clk 0:41:20]} 17. Nh2
{[%clk 0:42:22]} c3 {[%clk 0:39:41]} 18. Bc1 {[%clk 0:42:03]} Qc7
{[%clk 0:37:25]} 19. Bxe4 {[%clk 0:41:54]} dxe4 {[%clk 0:37:53]} 20. Qg4
{[%clk 0:40:26]} Nd5 {[%clk 0:35:01]} 21. h5 {[%clk 0:36:32]} Ne7
{[%clk 0:34:34]} 22. Rf2 {[%clk 0:34:21]} f5 {[%clk 0:31:36]} 23. Qh3
{[%clk 0:34:05]} Kd7 {[%clk 0:28:07]} 24. Qf1 {[%clk 0:33:09]} Qb6
{[%clk 0:24:41]} 25. Qh3 {[%clk 0:32:21]} a5 {[%clk 0:24:30]} 26. a3
{[%clk 0:31:14]} Nd5 {[%clk 0:24:23]} 27. a4 {[%clk 0:30:07]} Kc7
{[%clk 0:22:15]} 28. Qf1 {[%clk 0:29:37]} Ba6 {[%clk 0:22:35]} 29. Qh3
{[%clk 0:28:33]} Kb7 {[%clk 0:22:18]} 30. Rg2 {[%clk 0:28:19]} Rc7
{[%clk 0:22:20]} 31. Rf2 {[%clk 0:27:52]} Rd7 {[%clk 0:22:18]} 32. Qh4
{[%clk 0:27:08]} h6 {[%clk 0:22:01]} 33. g6 {[%clk 0:26:54]} Be7 {[%clk 0:20:25]}
34. Qh3 {[%clk 0:26:00]} Bf6 {[%clk 0:20:31]} 35. Qg3 {[%clk 0:24:56]} Rhd8
{[%clk 0:16:24]} 36. Qh3 {[%clk 0:24:46]} Nxe3 {[%clk 0:15:51]} 37. Bxe3
{[%clk 0:24:21]} Bxd4 {[%clk 0:15:49]} 38. Bxd4 {[%clk 0:24:20]} Qxd4
{[%clk 0:15:36]} 39. Nf1 {[%clk 0:23:30]} Qd1 {[%clk 0:15:05]} 40. Qg2
{[%clk 0:22:22]} Ka7 {[%clk 0:14:35]} 41. Qh3 {[%clk 0:22:23]} Kb8
{[%clk 0:12:23]} 42. Qe3 {[%clk 0:22:18]} Rd6 {[%clk 0:12:38]} 43. Qh3
{[%clk 0:22:20]} Be2 {[%clk 0:12:41]} 44. Qh4 {[%clk 0:20:52]} Qe1
{[%clk 0:12:14]} 45. Qe7 {[%clk 0:20:28]} e3 {[%clk 0:09:34]} 46. Rxe2
{[%clk 0:20:03]} Qxe2 {[%clk 0:09:42]} 47. Qxg7 {[%clk 0:20:23]} Qg4+
{[%clk 0:09:31]} 48. Kh1 {[%clk 0:20:17]} Qxh5+ {[%clk 0:08:48]} 49. Kg1
{[%clk 0:20:40]} Qg4+ {[%clk 0:09:05]} 50. Kh1 {[%clk 0:20:52]} e2
{[%clk 0:09:11]} 51. Nxc3 {[%clk 0:20:51]} bxc3 {[%clk 0:08:18]} 52. Qxc3
{[%clk 0:21:11]} exf1=Q+ {[%clk 0:08:07]} 53. Rxf1 {[%clk 0:21:25]} Rd2
{[%clk 0:07:43]} 54. Qe5+ {[%clk 0:21:22]} R8d6 {[%clk 0:07:34]} 55. Qb5+
{[%clk 0:21:38]} Kc8 {[%clk 0:07:41]} 56. Qc5+ {[%clk 0:21:48]} Kd7
{[%clk 0:07:41]} 57. Qa7+ {[%clk 0:21:53]} Kd8 {[%clk 0:06:39]} 58. Qb8+
{[%clk 0:22:11]} Ke7 {[%clk 0:06:48]} 59. Qc7+ {[%clk 0:22:18]} Rd7
{[%clk 0:06:52]} 60. Qc5+ {[%clk 0:21:42]} Kf6 {[%clk 0:06:47]} 61. Qf8+
{[%clk 0:20:40]} Kxg6 {[%clk 0:06:33]} 62. Rg1 {[%clk 0:20:00]} Rd1
{[%clk 0:05:32]} 63. Qg8+ {[%clk 0:19:44]} Rg7 {[%clk 0:04:55]} 64. Qxe6+
{[%clk 0:18:20]} Kh7 {[%clk 0:05:15]} 65. Qe3 {[%clk 0:18:24]} Rxg1+
{[%clk 0:05:32]} 0-1

[Event "B"]
[Site "?"]
[Date "2017.08.05"]
[Round "1.2"]
[White "Miakisz, Wojciech"]
[Black "Krowicki, Przemyslaw"]
[Result "1-0"]
[BlackElo "1168"]
[WhiteElo "1552"]
[LiveChessVersion "1.4.8"]

1. e4 {[%clk 1:00:48]} c5 {[%clk 1:00:39]} 2. Nf3 {[%clk 1:01:09]} g6
{[%clk 1:00:44]} 3. d4 {[%clk 1:01:14]} e6 {[%clk 1:00:22]} 4. Be2
{[%clk 0:59:23]} cxd4 {[%clk 1:00:28]} 5. Nxd4 {[%clk 0:59:37]} Bg7
{[%clk 1:00:36]} 6. Nc3 {[%clk 0:58:02]} a6 {[%clk 0:59:41]} 7. Be3
{[%clk 0:56:40]} Ne7 {[%clk 0:57:46]} 8. Qd2 {[%clk 0:56:04]} O-O
{[%clk 0:57:49]} 9. Bh6 {[%clk 0:53:14]} Nbc6 {[%clk 0:57:04]} 10. Bxg7
{[%clk 0:51:32]} Kxg7 {[%clk 0:57:17]} 11. Nb3 {[%clk 0:50:45]} Qc7
{[%clk 0:56:25]} 12. O-O-O {[%clk 0:44:04]} Rd8 {[%clk 0:56:22]} 13. Qd6
{[%clk 0:33:18]} Qb8 {[%clk 0:53:44]} 14. h4 {[%clk 0:31:58]} h5 {[%clk 0:52:52]}
15. g3 {[%clk 0:28:49]} Qa7 {[%clk 0:52:48]} 16. Qf4 {[%clk 0:26:34]} e5
{[%clk 0:52:21]} 17. Qf3 {[%clk 0:22:59]} d6 {[%clk 0:51:40]} 18. Qg2
{[%clk 0:23:10]} Be6 {[%clk 0:51:04]} 19. Nd5 {[%clk 0:21:16]} Bxd5
{[%clk 0:50:02]} 20. exd5 {[%clk 0:21:28]} Nb4 {[%clk 0:50:14]} 21. Kb1
{[%clk 0:20:45]} a5 {[%clk 0:50:12]} 22. g4 {[%clk 0:18:15]} hxg4
{[%clk 0:49:50]} 23. Qxg4 {[%clk 0:11:00]} Nbxd5 {[%clk 0:49:07]} 24. h5
{[%clk 0:10:24]} Nf4 {[%clk 0:49:04]} 25. h6+ {[%clk 0:10:06]} Kh7
{[%clk 0:49:18]} 26. Qg5 {[%clk 0:08:59]} Nf5 {[%clk 0:47:43]} 27. Bg4
{[%clk 0:08:41]} Ne6 {[%clk 0:47:26]} 28. Qf6 {[%clk 0:08:53]} b5
{[%clk 0:45:58]} 29. Bxf5 {[%clk 0:09:02]} gxf5 {[%clk 0:45:54]} 30. Qxf5+
{[%clk 0:09:26]} Kh8 31. Qf6+ Kg8 {[%clk 0:44:51]} 32. h7+ {[%clk 0:09:38]} 1-0

[Event "B"]
[Site "?"]
[Date "2017.08.05"]
[Round "1.3"]
[White "Olszewski, Jan"]
[Black "Balcerczak, Ewa"]
[Result "1/2-1/2"]
[BlackElo "1492"]
[WhiteElo "1138"]
[LiveChessVersion "1.4.8"]

1. e4 {[%clk 1:00:57]} e6 {[%clk 1:00:36]} 2. d4 {[%clk 1:01:22]} d5
{[%clk 1:00:40]} 3. exd5 {[%clk 1:01:41]} exd5 {[%clk 1:00:47]} 4. Nf3
{[%clk 1:01:51]} Nc6 {[%clk 1:00:37]} 5. Bb5 {[%clk 1:02:13]} Bd6
{[%clk 0:59:26]} 6. O-O {[%clk 1:02:19]} Nge7 {[%clk 0:59:22]} 7. Re1
{[%clk 1:02:35]} O-O {[%clk 0:59:25]} 8. Nc3 {[%clk 1:02:46]} Bg4
{[%clk 0:55:49]} 9. Be3 {[%clk 1:02:25]} a6 {[%clk 0:54:50]} 10. Ba4
{[%clk 1:02:16]} Ng6 {[%clk 0:49:50]} 11. h3 {[%clk 1:02:12]} Be6
{[%clk 0:48:21]} 12. Ng5 {[%clk 1:00:05]} Qf6 {[%clk 0:46:20]} 13. Nf3
{[%clk 0:57:50]} Nf4 {[%clk 0:44:44]} 14. Bxc6 {[%clk 0:55:24]} bxc6
{[%clk 0:43:33]} 15. Qd2 {[%clk 0:53:36]} Nxh3+ {[%clk 0:42:02]} 16. Kf1
{[%clk 0:51:28]} Nf4 17. Ne5 Nxg2 {[%clk 0:26:02]} 18. Kxg2 {[%clk 0:49:04]} Bxe5
{[%clk 0:26:02]} 19. dxe5 {[%clk 0:49:19]} Qg6+ {[%clk 0:24:21]} 20. Kf1
{[%clk 0:49:06]} Qh5 {[%clk 0:20:22]} 21. Ne2 {[%clk 0:48:55]} Bh3+
{[%clk 0:19:42]} 22. Kg1 {[%clk 0:49:15]} Qf3 23. Nf4 Bf5 {[%clk 0:12:22]} 24.
Qe2 {[%clk 0:45:51]} Qe4 {[%clk 0:11:35]} 25. Qd3 {[%clk 0:44:49]} Qxe5
{[%clk 0:10:51]} 26. Bd2 {[%clk 0:41:05]} Qxe1+ {[%clk 0:10:49]} 27. Rxe1
{[%clk 0:41:28]} Bxd3 {[%clk 0:11:00]} 28. Nxd3 {[%clk 0:41:56]} Rfe8
{[%clk 0:10:58]} 29. Nb4 {[%clk 0:41:47]} Rxe1+ {[%clk 0:10:20]} 30. Bxe1
{[%clk 0:42:12]} Rb8 {[%clk 0:10:19]} 31. b3 {[%clk 0:42:31]} Re8 32. Kf1 c5
{[%clk 0:09:18]} 33. Nxa6 {[%clk 0:42:47]} Ra8 {[%clk 0:09:35]} 34. Nxc5
{[%clk 0:42:48]} Rxa2 {[%clk 0:09:52]} 35. c3 {[%clk 0:43:10]} f6
{[%clk 0:09:17]} 36. Ne6 {[%clk 0:43:15]} c6 {[%clk 0:09:25]} 37. Nd8
{[%clk 0:43:18]} Ra6 {[%clk 0:08:38]} 38. b4 {[%clk 0:42:58]} h5 {[%clk 0:08:55]}
39. Kg2 {[%clk 0:43:19]} Kf8 {[%clk 0:08:22]} 40. Ne6+ {[%clk 0:43:33]} Kf7
{[%clk 0:08:31]} 41. Nd4 {[%clk 0:43:43]} g6 {[%clk 0:08:39]} 42. Kh3
{[%clk 0:43:41]} g5 {[%clk 0:08:32]} 43. Kg2 {[%clk 0:43:49]} Kg6
{[%clk 0:07:20]} 44. Kg3 {[%clk 0:44:06]} Ra1 {[%clk 0:06:35]} 45. Bd2
{[%clk 0:44:27]} Rg1+ {[%clk 0:04:27]} 46. Kh2 {[%clk 0:44:44]} Rd1 47. Be3 Rd3
48. Nxc6 Rxc3 49. Ne7+ Kf7 {[%clk 0:01:23]} 50. Nxd5 {[%clk 0:45:10]} Rb3
{[%clk 0:01:47]} 51. Bc5 {[%clk 0:42:34]} Ke6 {[%clk 0:02:00]} 52. Nc7+
{[%clk 0:42:16]} Kf5 {[%clk 0:02:17]} 53. Ne8 {[%clk 0:42:36]} Ke6
{[%clk 0:02:31]} 54. Ng7+ {[%clk 0:42:56]} Ke5 {[%clk 0:02:42]} 55. Nxh5
{[%clk 0:43:18]} f5 {[%clk 0:02:47]} 56. Kg2 {[%clk 0:42:41]} Ke4
{[%clk 0:02:33]} 57. Nf6+ {[%clk 0:42:17]} Ke5 {[%clk 0:02:08]} 58. Nh5
{[%clk 0:42:35]} f4 {[%clk 0:02:18]} 59. Ng7 {[%clk 0:42:17]} Kd5
{[%clk 0:02:13]} 1/2-1/2

[Event "B"]
[Site "?"]
[Date "2017.08.05"]
[Round "1.4"]
[White "Sivickis, Wiktoria"]
[Black "Sivickis, Andrejus"]
[Result "1/2-1/2"]
[BlackElo "1127"]
[WhiteElo "1456"]
[LiveChessVersion "1.4.8"]

1. d4 {[%clk 1:00:56]} Nf6 {[%clk 1:00:32]} 2. c4 {[%clk 1:01:13]} c5
{[%clk 1:00:33]} 3. Nf3 {[%clk 1:01:11]} d6 {[%clk 1:00:04]} 4. Nc3
{[%clk 1:01:32]} cxd4 {[%clk 0:59:44]} 5. Nxd4 {[%clk 1:01:54]} Nc6
{[%clk 0:59:38]} 6. Nxc6 {[%clk 1:00:50]} bxc6 {[%clk 0:59:52]} 7. e4
{[%clk 1:01:17]} e5 {[%clk 0:59:30]} 8. Bg5 {[%clk 0:59:40]} Be7 {[%clk 0:59:01]}
9. f4 {[%clk 0:58:40]} Qa5 {[%clk 0:57:14]} 10. Bxf6 {[%clk 0:57:50]} gxf6
{[%clk 0:56:50]} 11. f5 {[%clk 0:57:25]} Rb8 {[%clk 0:55:39]} 12. Rb1
{[%clk 0:56:09]} Bb7 {[%clk 0:48:47]} 13. b4 {[%clk 0:54:13]} Qb6
{[%clk 0:48:40]} 14. Qd2 {[%clk 0:53:00]} Rd8 {[%clk 0:47:59]} 15. Be2
{[%clk 0:46:06]} d5 {[%clk 0:41:32]} 16. c5 {[%clk 0:45:40]} Qc7 {[%clk 0:41:14]}
17. exd5 {[%clk 0:42:02]} cxd5 {[%clk 0:41:25]} 18. O-O {[%clk 0:37:21]} a6
{[%clk 0:40:28]} 19. Na4 {[%clk 0:34:49]} Rg8 {[%clk 0:39:39]} 20. Rbe1
{[%clk 0:20:32]} d4 {[%clk 0:39:33]} 21. g3 {[%clk 0:13:18]} e4 {[%clk 0:38:37]}
22. Qh6 {[%clk 0:11:16]} 1/2-1/2

[Event "B"]
[Site "?"]
[Date "2017.08.05"]
[Round "2.1"]
[White "Tomicki, Marek"]
[Black "Okulewicz, Zbigniew"]
[Result "1-0"]
[BlackElo "1247"]
[WhiteElo "1649"]
[LiveChessVersion "1.4.8"]

1. e4 {[%clk 1:00:53]} d6 {[%clk 1:00:39]} 2. d4 {[%clk 1:01:09]} Nd7
{[%clk 1:00:48]} 3. Nf3 {[%clk 1:01:06]} g6 {[%clk 1:00:54]} 4. Be3
{[%clk 1:01:00]} Bg7 {[%clk 1:00:42]} 5. c3 {[%clk 1:00:43]} Ngf6
{[%clk 0:59:48]} 6. Nbd2 {[%clk 1:00:22]} O-O {[%clk 1:00:09]} 7. Bd3
{[%clk 0:59:33]} Ng4 {[%clk 0:59:29]} 8. Bf4 {[%clk 0:55:46]} e5 {[%clk 0:59:20]}
9. Bg3 {[%clk 0:54:30]} a6 {[%clk 0:57:50]} 10. h3 {[%clk 0:50:51]} Nh6
{[%clk 0:56:30]} 11. Qb3 {[%clk 0:47:51]} c5 {[%clk 0:54:25]} 12. Bh4
{[%clk 0:37:37]} Qe8 {[%clk 0:53:39]} 13. dxe5 {[%clk 0:35:43]} Nxe5
{[%clk 0:53:10]} 14. Nxe5 {[%clk 0:35:25]} dxe5 {[%clk 0:53:10]} 15. a4
{[%clk 0:33:21]} Kh8 {[%clk 0:50:48]} 16. Qd5 {[%clk 0:25:26]} Qd7
{[%clk 0:45:29]} 17. Qxd7 {[%clk 0:25:27]} Bxd7 {[%clk 0:45:46]} 18. Be7
{[%clk 0:25:49]} Rfc8 {[%clk 0:45:46]} 19. Bg5 {[%clk 0:24:19]} b5
{[%clk 0:44:19]} 20. axb5 {[%clk 0:24:00]} axb5 {[%clk 0:44:39]} 21. O-O
{[%clk 0:23:56]} c4 {[%clk 0:43:02]} 22. Be2 {[%clk 0:22:38]} f5 {[%clk 0:42:14]}
23. f4 {[%clk 0:20:38]} exf4 {[%clk 0:41:25]} 24. Bxf4 {[%clk 0:20:39]} Nf7
{[%clk 0:40:06]} 25. exf5 {[%clk 0:20:35]} Bxf5 {[%clk 0:40:14]} 26. Bf3
{[%clk 0:20:35]} Rxa1 {[%clk 0:39:28]} 27. Rxa1 {[%clk 0:20:58]} g5
{[%clk 0:39:21]} 28. Be3 {[%clk 0:18:50]} h6 {[%clk 0:39:21]} 29. Ra7
{[%clk 0:18:33]} Ne5 {[%clk 0:38:45]} 30. Bd4 {[%clk 0:17:45]} Nxf3+
{[%clk 0:30:33]} 31. Nxf3 {[%clk 0:18:01]} Bxd4+ {[%clk 0:30:42]} 32. Nxd4
{[%clk 0:18:24]} Bd3 {[%clk 0:30:13]} 33. Rb7 {[%clk 0:18:12]} Rf8
{[%clk 0:29:14]} 34. Rxb5 {[%clk 0:16:01]} Rf1+ {[%clk 0:29:20]} 35. Kh2
{[%clk 0:16:25]} Rf2 {[%clk 0:29:33]} 36. Kg3 {[%clk 0:16:20]} Rd2
{[%clk 0:28:53]} 37. Kf3 {[%clk 0:13:23]} Bf1 {[%clk 0:28:14]} 38. Kg4
{[%clk 0:11:06]} Rxg2+ {[%clk 0:25:57]} 39. Kh5 {[%clk 0:11:12]} Rg3
{[%clk 0:24:35]} 40. Kxh6 {[%clk 0:11:23]} Rxh3+ {[%clk 0:24:41]} 41. Kxg5
{[%clk 0:11:45]} Rg3+ {[%clk 0:24:51]} 42. Kf6 {[%clk 0:11:33]} Bd3
{[%clk 0:24:50]} 43. Rh5+ {[%clk 0:10:26]} Kg8 {[%clk 0:24:47]} 44. Rg5+
{[%clk 0:10:42]} Rxg5 {[%clk 0:24:40]} 45. Kxg5 {[%clk 0:11:11]} Kf7
{[%clk 0:24:55]} 46. Kf4 {[%clk 0:10:34]} Kf6 {[%clk 0:24:57]} 47. Ke3
{[%clk 0:10:23]} Ke5 {[%clk 0:24:30]} 48. b4 {[%clk 0:10:33]} cxb3 49. Nf3+
{[%clk 0:09:17]} Kd5 {[%clk 0:23:28]} 50. Kxd3 {[%clk 0:09:34]} b2
{[%clk 0:23:48]} 51. Nd2 {[%clk 0:09:53]} Kc5 {[%clk 0:23:29]} 52. Kc2
{[%clk 0:10:09]} 1-0

[Event "B"]
[Site "?"]
[Date "2017.08.05"]
[Round "2.2"]
[White "Retz, Adrian"]
[Black "Miakisz, Wojciech"]
[Result "1/2-1/2"]
[BlackElo "1552"]
[WhiteElo "1231"]
[LiveChessVersion "1.4.8"]

1. e4 {[%clk 1:00:57]} c5 {[%clk 1:00:55]} 2. Nf3 {[%clk 1:01:21]} d6
{[%clk 1:01:20]} 3. d4 {[%clk 1:01:45]} cxd4 {[%clk 1:01:44]} 4. Qxd4
{[%clk 1:02:06]} a6 {[%clk 1:01:28]} 5. Nc3 {[%clk 1:00:33]} Nc6 {[%clk 1:01:43]}
6. Qc4 {[%clk 1:00:01]} Nf6 {[%clk 1:01:30]} 7. Bg5 {[%clk 0:59:48]} e6
{[%clk 1:01:01]} 8. O-O-O {[%clk 0:54:34]} Bd7 {[%clk 0:59:18]} 9. Nd4
{[%clk 0:50:51]} Be7 {[%clk 0:58:06]} 10. f4 {[%clk 0:45:15]} Rc8
{[%clk 0:57:48]} 11. Nxc6 {[%clk 0:43:01]} Rxc6 {[%clk 0:56:51]} 12. Qd3
{[%clk 0:39:32]} Qc7 {[%clk 0:52:41]} 13. Be2 {[%clk 0:27:04]} Bc8
{[%clk 0:47:39]} 14. Rhe1 {[%clk 0:23:20]} b5 {[%clk 0:40:54]} 15. Bf3
{[%clk 0:13:25]} Rc5 {[%clk 0:32:43]} 16. e5 {[%clk 0:13:19]} dxe5
{[%clk 0:31:56]} 17. fxe5 {[%clk 0:13:13]} Nd7 {[%clk 0:28:27]} 18. Bxe7
{[%clk 0:12:07]} Kxe7 {[%clk 0:25:55]} 19. Qd4 {[%clk 0:02:13]} Nxe5
{[%clk 0:23:40]} 20. Nd5+ {[%clk 0:01:43]} Rxd5 {[%clk 0:21:28]} 21. Bxd5
{[%clk 0:01:56]} f6 {[%clk 0:16:19]} 22. Bb3 {[%clk 0:01:33]} Bb7
{[%clk 0:15:53]} 23. Qb4+ {[%clk 0:01:42]} Kf7 {[%clk 0:15:06]} 24. Rd6
{[%clk 0:01:46]} Bd5 {[%clk 0:12:53]} 25. Bxd5 {[%clk 0:01:35]} Nd3+
{[%clk 0:12:53]} 26. Kb1 {[%clk 0:01:03]} Nxb4 {[%clk 0:13:02]} 27. Bxe6+
{[%clk 0:01:01]} Kg6 {[%clk 0:11:35]} 28. Rd4 {[%clk 0:00:36]} Qxc2+
{[%clk 0:08:44]} 29. Ka1 {[%clk 0:00:53]} Nd3 {[%clk 0:08:26]} 30. Rb1
{[%clk 0:00:46]} h5 {[%clk 0:05:07]} 31. g4 {[%clk 0:00:31]} h4 {[%clk 0:03:51]}
32. Rd5 {[%clk 0:00:38]} Qxh2 {[%clk 0:00:57]} 33. Rxd3 {[%clk 0:00:32]} Qe5
{[%clk 0:01:16]} 34. Bf5+ {[%clk 0:00:35]} Kf7 {[%clk 0:01:42]} 35. Rd7+
{[%clk 0:00:56]} Ke8 {[%clk 0:01:54]} 36. Rbd1 {[%clk 0:01:14]} Rh6
{[%clk 0:01:33]} 37. Rd8+ {[%clk 0:01:28]} Kf7 {[%clk 0:01:43]} 38. R1d7+
{[%clk 0:01:31]} Qe7 {[%clk 0:02:12]} 39. Rxe7+ {[%clk 0:01:45]} Kxe7
{[%clk 0:02:40]} 40. Rd7+ {[%clk 0:02:14]} Ke8 {[%clk 0:03:04]} 41. Rxg7
{[%clk 0:02:38]} h3 {[%clk 0:03:32]} 42. Rh7 {[%clk 0:02:44]} Rxh7
{[%clk 0:03:59]} 43. Bxh7 {[%clk 0:03:13]} Kf7 {[%clk 0:04:10]} 44. Kb1
{[%clk 0:03:35]} Ke6 {[%clk 0:04:38]} 45. Be4 {[%clk 0:04:04]} Ke5
{[%clk 0:05:05]} 46. Bh1 {[%clk 0:03:48]} Kf4 {[%clk 0:05:29]} 47. Kc2
{[%clk 0:04:12]} Kxg4 {[%clk 0:05:53]} 48. Kd2 {[%clk 0:04:36]} Kg3
{[%clk 0:05:03]} 49. Ke2 {[%clk 0:05:02]} Kh2 {[%clk 0:05:20]} 50. Bb7
{[%clk 0:05:19]} Kg1 {[%clk 0:03:44]} 51. Bxa6 {[%clk 0:04:49]} h2
{[%clk 0:04:04]} 52. Bb7 {[%clk 0:05:18]} h1=Q {[%clk 0:03:51]} 53. Bxh1
{[%clk 0:05:45]} Kxh1 {[%clk 0:04:19]} 54. Kf3 {[%clk 0:06:13]} Kg1
{[%clk 0:04:47]} 55. Kf4 {[%clk 0:06:42]} Kf2 {[%clk 0:05:15]} 56. Kf5
{[%clk 0:06:11]} Ke3 {[%clk 0:05:36]} 57. Kxf6 {[%clk 0:06:32]} Kd3
{[%clk 0:05:54]} 58. Ke5 {[%clk 0:06:53]} Kc2 {[%clk 0:05:32]} 59. Kd4
{[%clk 0:06:55]} Kxb2 {[%clk 0:05:52]} 60. Kc5 {[%clk 0:07:15]} Kxa2
{[%clk 0:06:17]} 61. Kxb5 {[%clk 0:07:39]} 1/2-1/2

[Event "B"]
[Site "?"]
[Date "2017.08.05"]
[Round "2.3"]
[White "Kutylo, Konrad"]
[Black "Biveynis, Alexander"]
[Result "1-0"]
[BlackElo "1203"]
[WhiteElo "1422"]
[LiveChessVersion "1.4.8"]

1. d4 {[%clk 1:00:55]} Nf6 {[%clk 1:00:38]} 2. Nf3 {[%clk 1:01:05]} g6
{[%clk 1:01:00]} 3. c4 {[%clk 1:01:04]} Bg7 {[%clk 1:01:18]} 4. Nc3
{[%clk 1:01:08]} O-O {[%clk 1:01:32]} 5. e3 {[%clk 1:00:29]} d6 {[%clk 1:01:22]}
6. Bd3 {[%clk 1:00:37]} Re8 {[%clk 0:59:53]} 7. O-O {[%clk 1:00:24]} e5
{[%clk 0:58:30]} 8. Qc2 {[%clk 0:57:11]} Nh5 {[%clk 0:53:46]} 9. Rd1
{[%clk 0:53:02]} Nd7 {[%clk 0:47:13]} 10. dxe5 {[%clk 0:51:43]} Nxe5
{[%clk 0:43:16]} 11. Be2 {[%clk 0:49:47]} Nxf3+ {[%clk 0:30:40]} 12. Bxf3
{[%clk 0:50:02]} Re5 {[%clk 0:28:02]} 13. Rd5 {[%clk 0:45:04]} Nf6
{[%clk 0:26:42]} 14. Rxe5 {[%clk 0:43:35]} dxe5 {[%clk 0:26:43]} 15. b3
{[%clk 0:43:38]} c6 {[%clk 0:19:44]} 16. Bb2 {[%clk 0:43:41]} Qc7
{[%clk 0:16:33]} 17. Rd1 {[%clk 0:40:51]} Bg4 {[%clk 0:16:39]} 18. Bxg4
{[%clk 0:39:15]} Nxg4 {[%clk 0:16:58]} 19. Qd2 {[%clk 0:38:50]} e4
{[%clk 0:13:58]} 20. Qd6 {[%clk 0:36:29]} Qxd6 {[%clk 0:13:17]} 21. Rxd6
{[%clk 0:36:07]} Be5 {[%clk 0:12:57]} 22. Rd7 {[%clk 0:36:02]} Bxh2+
{[%clk 0:12:54]} 23. Kf1 {[%clk 0:36:22]} b6 {[%clk 0:09:45]} 24. Nxe4
{[%clk 0:35:33]} Be5 {[%clk 0:09:43]} 25. Bxe5 {[%clk 0:32:38]} Nxe5
{[%clk 0:10:04]} 26. Rd2 {[%clk 0:32:28]} f5 {[%clk 0:09:19]} 27. Nc3
{[%clk 0:31:45]} Kf7 {[%clk 0:09:24]} 28. Ke2 {[%clk 0:31:41]} Ke6
{[%clk 0:08:43]} 29. Na4 {[%clk 0:30:04]} h5 {[%clk 0:08:08]} 30. Nb2
{[%clk 0:29:30]} g5 {[%clk 0:07:01]} 31. Nd3 {[%clk 0:26:55]} Rd8
{[%clk 0:07:14]} 32. Nc5+ {[%clk 0:26:28]} Ke7 {[%clk 0:06:11]} 33. Rxd8
{[%clk 0:25:33]} Kxd8 {[%clk 0:06:25]} 34. Ne6+ {[%clk 0:25:53]} Ke7
{[%clk 0:06:28]} 35. Nxg5 {[%clk 0:26:03]} Kd6 {[%clk 0:06:01]} 36. Nf3
{[%clk 0:26:08]} Nxf3 {[%clk 0:04:52]} 37. Kxf3 {[%clk 0:26:17]} Ke5
{[%clk 0:05:09]} 38. g3 {[%clk 0:25:55]} b5 {[%clk 0:03:49]} 39. Ke2
{[%clk 0:24:30]} b4 {[%clk 0:03:22]} 40. Kd3 {[%clk 0:24:28]} c5 {[%clk 0:03:20]}
41. f4+ {[%clk 0:23:23]} Kf6 {[%clk 0:02:45]} 42. e4 {[%clk 0:23:35]} Ke6
{[%clk 0:02:33]} 43. e5 {[%clk 0:23:30]} Ke7 {[%clk 0:02:27]} 44. Ke3
{[%clk 0:23:47]} Ke6 {[%clk 0:02:15]} 45. Kf3 {[%clk 0:23:56]} Kf7
{[%clk 0:02:17]} 46. Kg2 {[%clk 0:24:17]} Ke6 {[%clk 0:02:23]} 47. Kh3
{[%clk 0:24:35]} Kf7 {[%clk 0:02:36]} 48. Kh4 {[%clk 0:24:54]} Kg6
{[%clk 0:02:55]} 49. e6 {[%clk 0:25:07]} Kf6 {[%clk 0:02:25]} 50. Kxh5
{[%clk 0:25:27]} Kxe6 {[%clk 0:02:49]} 51. Kg5 {[%clk 0:25:41]} a6
{[%clk 0:03:04]} 52. Kg6 {[%clk 0:26:03]} a5 {[%clk 0:02:51]} 53. Kg5
{[%clk 0:26:18]} Ke7 {[%clk 0:02:55]} 54. Kxf5 {[%clk 0:26:40]} Kf7
{[%clk 0:03:18]} 55. Ke5 {[%clk 0:27:05]} Ke7 {[%clk 0:03:32]} 56. f5
{[%clk 0:26:58]} Kf7 {[%clk 0:03:53]} 57. g4 {[%clk 0:27:24]} Ke7
{[%clk 0:03:52]} 58. g5 {[%clk 0:27:47]} Kf7 {[%clk 0:03:43]} 59. g6+
{[%clk 0:28:07]} Kg7 {[%clk 0:04:03]} 60. Ke6 {[%clk 0:28:31]} Kh6
{[%clk 0:04:12]} 61. f6 {[%clk 0:28:45]} Kxg6 {[%clk 0:04:19]} 62. f7
{[%clk 0:29:01]} Kg5 {[%clk 0:02:18]} 63. f8=Q {[%clk 0:29:18]} Kg4
{[%clk 0:02:39]} 64. Qf2 {[%clk 0:29:40]} Kg5 {[%clk 0:02:49]} 65. Qf5+
{[%clk 0:30:04]} Kh4 {[%clk 0:02:58]} 66. Qg6 {[%clk 0:30:19]} Kh3
{[%clk 0:03:19]} 67. Qg1 {[%clk 0:30:41]} Kh4 {[%clk 0:03:37]} 68. Kf5
{[%clk 0:31:04]} Kh3 {[%clk 0:03:35]} 69. Kf4 {[%clk 0:31:19]} a4
{[%clk 0:03:49]} 70. Qh1# {[%clk 0:31:36]} 1-0

[Event "B"]
[Site "?"]
[Date "2017.08.05"]
[Round "2.4"]
[White "Misiuk, Monika"]
[Black "Businski, Karol"]
[Result "0-1"]
[BlackElo "1401"]
[WhiteElo "1190"]
[LiveChessVersion "1.4.8"]

1. d4 {[%clk 1:00:56]} Nf6 {[%clk 1:00:50]} 2. Bf4 {[%clk 1:01:13]} e6
{[%clk 0:59:49]} 3. e3 {[%clk 1:01:16]} Bb4+ {[%clk 0:56:50]} 4. c3
{[%clk 1:00:58]} Be7 {[%clk 0:57:18]} 5. Bd3 {[%clk 1:00:50]} d5 {[%clk 0:49:29]}
6. Nf3 {[%clk 1:00:15]} Nbd7 {[%clk 0:49:43]} 7. Nbd2 {[%clk 1:00:15]} c5
{[%clk 0:49:54]} 8. h3 {[%clk 0:58:56]} O-O {[%clk 0:47:34]} 9. Ne5
{[%clk 0:58:40]} Nxe5 {[%clk 0:38:30]} 10. dxe5 {[%clk 0:58:11]} Nd7
{[%clk 0:38:38]} 11. Qg4 {[%clk 0:54:53]} f5 {[%clk 0:36:45]} 12. Qf3
{[%clk 0:54:17]} Qc7 {[%clk 0:34:56]} 13. Qg3 {[%clk 0:53:15]} Kh8
{[%clk 0:29:48]} 14. h4 {[%clk 0:48:11]} Qb6 {[%clk 0:29:16]} 15. O-O-O
{[%clk 0:44:32]} c4 {[%clk 0:29:29]} 16. Bc2 {[%clk 0:44:09]} a5 {[%clk 0:29:36]}
17. Nf3 {[%clk 0:34:16]} Nc5 {[%clk 0:28:45]} 18. Bg5 {[%clk 0:28:24]} Qc7
{[%clk 0:26:34]} 19. Qh3 {[%clk 0:26:16]} b5 {[%clk 0:26:47]} 20. g4
{[%clk 0:25:46]} b4 {[%clk 0:23:17]} 21. gxf5 {[%clk 0:25:15]} exf5
{[%clk 0:23:45]} 22. Qg2 {[%clk 0:22:53]} bxc3 {[%clk 0:22:47]} 23. bxc3
{[%clk 0:22:49]} Ne4 {[%clk 0:23:11]} 24. Bxe4 {[%clk 0:21:36]} Ba3+
{[%clk 0:22:11]} 25. Kc2 {[%clk 0:21:21]} dxe4 {[%clk 0:22:38]} 26. Nd2
{[%clk 0:20:30]} Bd7 {[%clk 0:22:37]} 27. Rb1 {[%clk 0:19:13]} Ba4+
{[%clk 0:21:44]} 28. Nb3 {[%clk 0:19:23]} cxb3+ {[%clk 0:22:11]} 29. axb3
{[%clk 0:19:38]} Bb4 {[%clk 0:20:14]} 30. c4 {[%clk 0:19:08]} Qxe5
{[%clk 0:20:36]} 31. Kd1 {[%clk 0:17:10]} Qc3 {[%clk 0:18:34]} 0-1